000 00614cam a2200229 a 4500
001 479528
005 20180820070643.0
008 840612s1985 nyua b 001 0 eng
010 _a 84014318
020 _a0937858528
_c$14.95
020 _a0937858536 (pbk.) :
_c$8.95
040 _aDLC
_cDLC
_dDLC
041 _aeng
080 _a649.122
082 0 0 _a649.122
_219
100 1 _a48
101 _aEDU
245 1 0 _aYour child at play.
_pOne to two years /
_cMarilyn Segal and Don Adcock.
504 _aBibliography: p. 215-216.
906 _a7
_bcbc
_corignew
_d1
_eocip
_f19
_gy-gencatlg
942 _2ddc
_cBK
999 _c47235
_d47235